| 000 -LEADER |
| fixed length control field |
00867nam a2200253 a 4500 |
| 040 ## - CATALOGING SOURCE |
| Transcribing agency |
DLC |
| 082 00 - DEWEY DECIMAL CLASSIFICATION NUMBER |
| Classification number |
338 FOR 1983 A073 Or. |
| 245 00 - TITLE STATEMENT |
| Title |
Agricultural postharvest technology and marketing economics research : |
| Remainder of title |
a technical memorandum. |
| 260 ## - PUBLICATION, DISTRIBUTION, ETC. (IMPRINT) |
| Place of publication |
Washington, D.C. : |
| Name of publisher |
Congress of the U.S., Office of Technology Assessment : |
| -- |
For sale by the Supt. of Docs., U.S. G.P.O., |
| Year of publication |
1983. |
| 300 ## - PHYSICAL DESCRIPTION |
| Number of Pages |
vii, 118 p. : |
| Other physical details |
1 map, charts ; |
| Dimensions |
26 cm. |
| 490 1# - SERIES STATEMENT |
| Series statement |
Technical memoranda |
| 500 ## - GENERAL NOTE |
| General note |
"April 1983." |
| 500 ## - GENERAL NOTE |
| General note |
"OTA-TM-F-21"--P. [4] of cover. |
| 500 ## - GENERAL NOTE |
| General note |
S/N 052-003-00907-2 |
| 500 ## - GENERAL NOTE |
| General note |
Item 1070-M |
| 650 #0 - SUBJECT ADDED ENTRY--TOPICAL TERM |
| Topical Term |
Agriculture |
| 650 #0 - SUBJECT ADDED ENTRY--TOPICAL TERM |
| Topical Term |
Agricultural industries |
| 650 #0 - SUBJECT ADDED ENTRY--TOPICAL TERM |
| Topical Term |
Food industry and trade |
| 650 #0 - SUBJECT ADDED ENTRY--TOPICAL TERM |
| Topical Term |
Farm produce |
| 650 #0 - SUBJECT ADDED ENTRY--TOPICAL TERM |
| Topical Term |
Federal aid to research |
| 650 #0 - SUBJECT ADDED ENTRY--TOPICAL TERM |
| Topical Term |
Research, Industrial |
| 710 1# - ADDED ENTRY--CORPORATE NAME |
| Corporate name or jurisdiction name as entry element |
United States. |
| 942 ## - ADDED ENTRY ELEMENTS (KOHA) |
| Koha item type |
សៀវភៅភាសាអង់គ្លេស |
| 952 ## - LOCATION AND ITEM INFORMATION (KOHA) |
| Withdrawn status [LOCAL, KOHA] |
0 |